| 000 | 00885nam a2200277 a 4500 | ||
|---|---|---|---|
| 001 | BRL_413 | ||
| 005 | 20190320210730.0 | ||
| 008 | 070813s1992----u--a######---#000-0#eng-# | ||
| 020 | _a0963537407 | ||
| 041 | _aeng | ||
| 044 | _au | ||
| 050 | 4 |
_aN6983 _b.G38 1992 |
|
| 245 | 1 | 0 |
_aGates of Mystery _bthe art of Holy Rusia _cedited by Roderick Grierson |
| 260 |
_aFort Worth, Texas _bIntercultura _c[1992?] |
||
| 300 |
_a336 p. _bil. (algunas a color) _c28 cm. |
||
| 500 | _aAu423 | ||
| 500 | _aBibliografía: p. 328-329 | ||
| 650 | 1 | 4 |
_aArte medieval _xExposiciones _zRusia _923842 |
| 650 | 1 | 4 |
_aIconos _zRusia _923843 |
| 650 | 1 | 4 |
_aObjetos litúrgicos _zRusia _923844 |
| 700 | 1 |
_aGrierson, Roderick _eed. _923845 |
|
| 710 | 2 |
_aGosudarstvennyi russkii muzei (San Petesburgo, Rusia) _923846 |
|
| 710 | 2 |
_aWalters Art Gallery (Baltimore, Md.) _923847 |
|
| 902 | _aGRL | ||
| 942 |
_2lcc _cB |
||
| 999 |
_c9226 _d9226 |
||